[Event "CPA 2018 Zevio"]
[Site "?"]
[Date "2018.01.28"]
[Round "5.7"]
[White "Gallo, Giulio"]
[Black "Gneo, Marco"]
[Result "0-1"]
[WhiteElo "1547"]
[BlackElo "1700"]
[PlyCount "38"]
[EventDate "2018.??.??"]

1. d4 Nf6 2. c4 g6 3. Nc3 Bg7 4. e4 d6 5. Nf3 O-O 6. Be2 c5 7. d5 Na6 8. O-O
Bd7 9. Rb1 Rb8 10. a3 Nc7 11. Qc2 b5 12. b4 cxb4 13. axb4 bxc4 14. Bxc4 Nb5 15.
Nxb5 Bxb5 16. Bxb5 Rxb5 17. Bd2 Nd7 18. Rfc1 Qb8 19. Ra1 Bxa1 0-1

[Event "CPA 2018 Zevio"]
[Site "?"]
[Date "2018.01.28"]
[Round "5.8"]
[White "Carraroli, Damiano"]
[Black "Bortolazzi, Michele"]
[Result "1-0"]
[WhiteElo "1440"]
[BlackElo "1922"]
[PlyCount "67"]

1. e4 e5 2. Nf3 Nc6 3. Bc4 Nf6 4. d3 Bc5 5. Bg5 h6 6. Be3 Bb6 7. Nc3 O-O 8. Qd2
Ng4 9. Bxb6 axb6 10. a3 d6 11. h3 Nf6 12. O-O-O Be6 13. g4 Nh7 14. Rdg1 Bxc4
15. dxc4 Qf6 16. Rg3 Ng5 17. Nd5 Qg6 18. Nxg5 hxg5 19. f3 Rac8 20. h4 gxh4 21.
Rxh4 f6 22. b4 Kf7 23. Rgh3 Nd4 24. Kb2 Nc6 25. Rh5 Rfd8 26. Rh1 b5 27. cxb5
Nd4 28. Ne3 c6 29. bxc6 bxc6 30. Qd1 d5 31. c3 Nb5 32. a4 d4 33. Qb3+ Kf8 34.
Qe6 1-0

[Event "CPA 2018 Zevio"]
[Site "?"]
[Date "2018.01.28"]
[Round "5.9"]
[White "Oppici, Gabriele"]
[Black "Nori, Marco"]
[Result "1-0"]
[WhiteElo "1964"]
[BlackElo "1503"]
[PlyCount "99"]
[EventDate "2018.??.??"]

1. d4 Nf6 2. Nf3 e6 3. Bf4 d5 4. e3 Be7 5. Bd3 Nc6 6. c3 O-O 7. Ne5 Nxe5 8.
dxe5 Ne4 9. Nd2 Nxd2 10. Qxd2 a6 11. Qc2 g6 12. Qe2 b5 13. h4 Bb7 14. h5 g5 15.
Bg3 f6 16. exf6 Bxf6 17. f4 Rf7 18. O-O-O c5 19. fxg5 Bxg5 20. Kb1 Qe7 21. h6
e5 22. e4 c4 23. Bc2 Rd8 24. exd5 Rxd5 25. Rxd5 Bxd5 26. Rd1 Bb7 27. a3 Bxh6
28. Rh1 Bg5 29. Re1 e4 30. Rd1 h6 31. Bd6 Qe6 32. Bc5 e3 33. Rd6 Qc8 34. Rg6+
Rg7 35. Rxg7+ Kxg7 36. Bd4+ Kf8 37. Bxe3 Qc6 38. Bd4 Qd7 39. g4 Bd5 40. Bf5 Qe7
41. Qf2 Kg8 42. Ka2 a5 43. Bc5 Qf7 44. Qg3 Qb7 45. Qd6 Qf7 46. Bg6 Qf3 47. Bf5
Qxf5 48. gxf5 Bf3 49. Qg6+ Kh8 50. Bd4+ 1-0

[Event "CPA 2018 Zevio"]
[Site "?"]
[Date "2018.01.28"]
[Round "5.10"]
[White "Negro, Raffaele"]
[Black "Pizzamano, Maria"]
[Result "1-0"]
[WhiteElo "1875"]
[BlackElo "1433"]
[PlyCount "85"]
[EventDate "2018.??.??"]

1. d4 d5 2. Bf4 Nf6 3. e3 Bf5 4. c4 e6 5. Nc3 Bb4 6. Qb3 Bxc3+ 7. bxc3 b6 8.
Nf3 O-O 9. Be2 Nbd7 10. O-O c5 11. Nh4 Be4 12. f3 dxc4 13. Bxc4 Bd5 14. g3 Rc8
15. Bxd5 Nxd5 16. Bd6 Re8 17. c4 N5f6 18. Rad1 Rc6 19. dxc5 bxc5 20. Be5 Qb6
21. Qxb6 axb6 22. Bc3 Kf8 23. e4 e5 24. Ng2 Ra8 25. Rf2 Ra4 26. Ne3 Ra3 27. Rc2
Ke7 28. Nd5+ Ke6 29. Rb1 Nh5 30. Kf2 f5 31. exf5+ Kf7 32. Re1 Nhf6 33. Bxe5
Nxe5 34. Rxe5 Nxd5 35. Rxd5 Kf6 36. h4 Kf7 37. g4 g6 38. fxg6+ hxg6 39. h5 gxh5
40. Rxh5 Rf6 41. Rh3 Kg6 42. Kg2 Kg5 43. f4+ 1-0

[Event "CPA 2018 Zevio"]
[Site "?"]
[Date "2018.01.28"]
[Round "5.11"]
[White "Pieropan, Giorgio"]
[Black "Pisani, Valerio"]
[Result "1/2-1/2"]
[WhiteElo "1851"]
[BlackElo "1660"]
[PlyCount "102"]
[EventDate "2018.??.??"]

1. e4 e5 2. Nf3 Nc6 3. d4 exd4 4. Bc4 Nf6 5. O-O Be7 6. e5 Ng4 7. Re1 d6 8.
exd6 Qxd6 9. Bb5 Bd7 10. Qe2 Be6 11. h3 Nf6 12. Ng5 O-O 13. Nxe6 fxe6 14. Qxe6+
Qxe6 15. Rxe6 Bd6 16. Bxc6 bxc6 17. Nd2 Rae8 18. Rxe8 Rxe8 19. Nf3 Re2 20. Kf1
Rxc2 21. Nxd4 Rc4 22. Be3 c5 23. Nf3 Rc2 24. Rb1 Nd5 25. Bd2 Be7 26. Bc1 Nb4
27. Ne1 Rc4 28. b3 Re4 29. a3 Nc6 30. Bb2 Nd4 31. Bc3 Nb5 32. Bb2 Nd4 33. Bc1
Kf7 34. Be3 Nf5 35. Nc2 a6 36. Rd1 Ke6 37. a4 c4 38. bxc4 Rxc4 39. Rd2 Rxa4 40.
g4 Nxe3+ 41. fxe3 Bc5 42. Ke2 Bb6 43. Rd8 Rc4 44. Kd3 Ra4 45. Re8+ Kf7 46. Rd8
a5 47. Rd5 Ke6 48. Rg5 g6 49. Rb5 Kf6 50. Rd5 Ke6 51. Rb5 Kd6 1/2-1/2

[Event "CPA 2018 Zevio"]
[Site "?"]
[Date "2018.01.28"]
[Round "5.12"]
[White "Pompele, Andrea"]
[Black "Bonavigo, Claudio"]
[Result "1-0"]
[WhiteElo "1447"]
[BlackElo "1764"]
[PlyCount "64"]
[EventDate "2018.??.??"]

1. e4 d6 2. d4 Nf6 3. Nc3 c6 4. Nf3 Bg4 5. Be2 Nbd7 6. e5 Nd5 7. Nxd5 cxd5 8.
exd6 Bxf3 9. Bxf3 e6 10. Bf4 Nb6 11. b3 Bxd6 12. Bxd6 Qxd6 13. Qd2 O-O 14. O-O
Nd7 15. Be2 a6 16. a4 Nf6 17. Bd3 Ng4 18. g3 f5 19. f3 Nh6 20. Qf4 Qe7 21. Rfe1
Rf6 22. c4 Qf7 23. cxd5 exd5 24. Re5 Kh8 25. Rae1 Qh5 26. Kg2 Raf8 27. h3 g5
28. Qd2 g4 29. fxg4 Nxg4 30. hxg4 Qxg4 31. Qf4 Qg7 32. Re8 Qf7 1-0

[Event "CPA 2018 Zevio"]
[Site "?"]
[Date "2018.01.28"]
[Round "5.13"]
[White "Magnabosco, Mauro Denis"]
[Black "Biasiolo, Michele"]
[Result "1-0"]
[WhiteElo "1745"]
[BlackElo "1481"]
[PlyCount "123"]
[EventDate "2018.??.??"]

1. c4 Nc6 2. Nc3 Nf6 3. g3 d5 4. cxd5 Nxd5 5. Bg2 Nxc3 6. bxc3 e5 7. Nf3 Bc5 8.
O-O O-O 9. d3 f6 10. Nd2 Be6 11. Nb3 Bd6 12. c4 Qd7 13. Re1 Rad8 14. Be3 b6 15.
c5 Be7 16. Rc1 Bd5 17. cxb6 cxb6 18. f3 Bb4 19. Rf1 Ne7 20. Qc2 Nf5 21. Bf2 Rc8
22. Qb1 Kh8 23. e4 Bxb3 24. Qxb3 Rxc1 25. Rxc1 Bd2 26. Rd1 Nd4 27. Qa3 Rc8 28.
Rxd2 Qc7 29. Bxd4 exd4 30. Qb2 b5 31. Kf2 Qb6 32. Ke2 a5 33. Rc2 Rc5 34. Bh3 b4
35. Rxc5 Qxc5 36. Be6 a4 37. Bc4 g5 38. Qc2 Qa5 39. Bd5 Kg7 40. Qc8 Qa7 41.
Qg8+ Kh6 42. Qf8+ Qg7 43. Qxg7+ Kxg7 44. h3 h5 45. h4 Kf8 46. Kd2 Ke7 47. Kc2
Kd6 48. Bf7 gxh4 49. gxh4 Ke5 50. Bxh5 Kf4 51. Bg4 b3+ 52. axb3 a3 53. b4 a2
54. Kb2 Ke3 55. b5 Kxd3 56. b6 Ke3 57. b7 d3 58. b8=Q a1=Q+ 59. Kxa1 d2 60.
Qb6+ Kd3 61. Qd6+ Kc2 62. f4 1-0

[Event "CPA 2018 Zevio"]
[Site "?"]
[Date "2018.01.28"]
[Round "5.14"]
[White "Zonta, Riccardo"]
[Black "Gallo, Fausto"]
[Result "0-1"]
[WhiteElo "1562"]
[BlackElo "1440"]
[PlyCount "76"]
[EventDate "2018.??.??"]

1. e4 c5 2. Ne2 Nc6 3. c4 d6 4. g3 g6 5. Nbc3 Bg7 6. Bg2 e6 7. d3 Nge7 8. O-O
O-O 9. Be3 Rb8 10. Qd2 Re8 11. f4 a6 12. a3 b5 13. Rab1 b4 14. Na2 b3 15. Nac3
Qa5 16. e5 dxe5 17. Ne4 Qxd2 18. Bxd2 exf4 19. Bxf4 e5 20. Be3 Nd4 21. Nxd4
cxd4 22. Bd2 f5 23. Nd6 Rf8 24. Nxc8 Nxc8 25. Bd5+ Kh8 26. Bb4 Rd8 27. Rbe1 Nb6
28. Bf3 Rbc8 29. Ba5 Na4 30. Bxd8 Rxd8 31. Rb1 Nc5 32. Rfd1 e4 33. dxe4 fxe4
34. Bg2 Bh6 35. Kf1 d3 36. Ke1 e3 37. Bf3 Rf8 38. Be4 d2+ 0-1

[Event "CPA 2018 Zevio"]
[Site "?"]
[Date "2018.01.28"]
[Round "5.15"]
[White "Bonelli, Francesco"]
[Black "Rizzi, Matilde"]
[Result "1-0"]
[WhiteElo "1375"]
[BlackElo "1404"]
[PlyCount "61"]
[EventDate "2018.??.??"]

1. e4 e5 2. Nf3 Nc6 3. Bc4 Bc5 4. c3 d6 5. d4 Bb6 6. dxe5 Be6 7. Bxe6 fxe6 8.
exd6 cxd6 9. O-O Nge7 10. Bg5 O-O 11. Nd4 Qd7 12. Qd3 Rae8 13. Nd2 a6 14. Nc4
Bc7 15. Rad1 b5 16. Nxc6 bxc4 17. Nxe7+ Rxe7 18. Qxc4 Ree8 19. Qxa6 Ra8 20. Qc4
Ra4 21. b4 Kh8 22. Rd2 Bd8 23. Bxd8 Rxd8 24. Rfd1 Qe7 25. Rxd6 Rf8 26. Rxe6 Qf7
27. Rd2 Ra7 28. Rc6 Qxc4 29. Rxc4 Re7 30. h3 Rf4 31. Rd8+ 1-0

[Event "CPA 2018 Zevio"]
[Site "?"]
[Date "2018.01.28"]
[Round "5.16"]
[White "Adami, Antonio"]
[Black "Tencheni, Maurizio"]
[Result "1-0"]
[WhiteElo "1790"]
[BlackElo "1664"]
[PlyCount "107"]
[EventDate "2018.??.??"]

1. d4 Nf6 2. Bf4 d6 3. Nc3 g6 4. e4 Bg7 5. Qd2 h6 6. Be2 a6 7. h3 b5 8. Bf3
Nfd7 9. e5 Ra7 10. Qe3 Nb6 11. O-O-O Nc4 12. Qe2 O-O 13. b3 Na3 14. h4 Bf5 15.
Be4 Bxe4 16. Nxe4 Nc6 17. Nf3 Nb4 18. c3 Nd5 19. Bh2 a5 20. Kb2 b4 21. c4 Nb6
22. Ne1 a4 23. Nc2 axb3 24. axb3 Qa8 25. Nxb4 Nbxc4+ 26. bxc4 Rb8 27. Kb3 Nc2
28. Kxc2 Rxb4 29. Qd3 Ra2+ 30. Kc1 Ra3 31. Nc3 Qa6 32. c5 Rc4 33. Kd2 d5 34.
Rc1 Qa5 35. Rc2 Qb4 36. Rb1 Qa5 37. Rbc1 c6 38. f4 Raa4 39. Bg1 Ra3 40. g3 f6
41. Qxg6 fxe5 42. fxe5 Qb4 43. Rb1 Rxd4+ 44. Bxd4 Qxd4+ 45. Kc1 Qxe5 46. Ne2
Qe3+ 47. Kd1 Rd3+ 48. Ke1 Rb3 49. Rxb3 Qxb3 50. h5 Qb1+ 51. Kf2 Qh1 52. Ra2
Qh2+ 53. Ke3 d4+ 54. Kd3 1-0

[Event "CPA 2018 Zevio"]
[Site "?"]
[Date "2018.01.28"]
[Round "5.17"]
[White "Casarotto, Michele"]
[Black "Kapllani, Shpetim"]
[Result "1/2-1/2"]
[WhiteElo "1449"]
[BlackElo "1631"]
[PlyCount "84"]
[EventDate "2018.??.??"]

1. d4 c6 2. c4 d5 3. Nc3 e6 4. e3 c5 5. Nf3 Nc6 6. cxd5 exd5 7. Bb5 a6 8. Bxc6+
bxc6 9. h3 Nf6 10. O-O Be7 11. Re1 O-O 12. e4 cxd4 13. Nxd4 c5 14. Nc6 Qc7 15.
Nxe7+ Qxe7 16. exd5 Qd6 17. Bg5 Bb7 18. Bxf6 gxf6 19. Re3 Kh8 20. Qf3 Rg8 21.
Rd1 Rg6 22. Ne4 Qb6 23. Rb3 Qc7 24. Nxf6 c4 25. Qc3 Qe7 26. Re1 Qxe1+ 27. Qxe1
cxb3 28. Qe5 bxa2 29. b4 Rc8 30. Qa1 h6 31. Ng4+ Kg8 32. Qxa2 Rd8 33. Ne5 Bxd5
34. Qa4 Rxg2+ 35. Kf1 Rh2 36. Ke2 Rc8 37. b5 axb5 38. Qg4+ Kh7 39. Qxc8 Be6 40.
Qb7 Rxh3 41. Nxf7 Bc4+ 42. Ke1 Kg6 1/2-1/2

[Event "CPA 2018 Zevio"]
[Site "?"]
[Date "2018.01.28"]
[Round "5.18"]
[White "Bonini, Roberto"]
[Black "Leone, Cataldo"]
[Result "1-0"]
[WhiteElo "1843"]
[BlackElo "1600"]
[PlyCount "63"]
[EventDate "2018.??.??"]

1. e4 e5 2. Nf3 Nf6 3. d4 exd4 4. e5 Qe7 5. Qxd4 Nc6 6. Qe3 Nd5 7. Qe2 d6 8. c4
Ndb4 9. a3 Bf5 10. axb4 Nxb4 11. Na3 O-O-O 12. Bg5 f6 13. exf6 Nd3+ 14. Kd2 Qd7
15. Nd4 Re8 16. Qf3 Be4 17. Qg3 Nc5 18. f3 Qa4 19. Nac2 Nb3+ 20. Nxb3 Qxb3 21.
fxe4 Qxb2 22. Bd3 d5 23. Rhb1 Bb4+ 24. Kd1 Qc3 25. cxd5 gxf6 26. Rxb4 fxg5 27.
Rc4 Qg7 28. Rxa7 Kb8 29. Raa4 Kc8 30. Qg4+ Kd8 31. Ra8+ Ke7 32. Qe6+ 1-0

[Event "CPA 2018 Zevio"]
[Site "?"]
[Date "2018.01.28"]
[Round "5.19"]
[White "Di Giovanni, Giuseppe"]
[Black "Antolini, Aldo"]
[Result "1-0"]
[WhiteElo "1610"]
[BlackElo "1569"]
[PlyCount "36"]
[EventDate "2018.??.??"]

1. c4 e5 2. g3 f5 3. Bg2 Nc6 4. e3 Nf6 5. Ne2 Be7 6. Nbc3 O-O 7. d3 d6 8. O-O
Kh8 9. a3 a6 10. Qc2 Rb8 11. Bd2 Be6 12. Rac1 Bg8 13. Nd5 Qd7 14. Nec3 Nd8 15.
f4 c6 16. fxe5 Nxd5 17. cxd5 dxe5 18. dxc6 Nxc6 {il resto della partita è
irricostruibile} 1-0

[Event "CPA 2018 Zevio"]
[Site "?"]
[Date "2018.01.28"]
[Round "5.20"]
[White "Bartiromo, Gerardo"]
[Black "Trigili, Franco"]
[Result "1-0"]
[WhiteElo "1605"]
[BlackElo "1496"]
[PlyCount "37"]
[EventDate "2018.??.??"]

1. d4 d5 2. Nf3 Nf6 3. Bf4 e6 4. e3 Be7 5. c4 c6 6. h3 Bd6 7. Ne5 O-O 8. Nc3
Qc7 9. c5 Bxe5 10. Bxe5 Qd8 11. Bd3 Nbd7 12. f4 Nxe5 13. fxe5 Nd7 14. O-O f6
15. exf6 Rxf6 16. Qh5 Nf8 17. Rxf6 Qxf6 18. Rf1 Qh6 19. Qf7+ 1-0

[Event "CPA 2018 Zevio"]
[Site "?"]
[Date "2018.01.28"]
[Round "5.21"]
[White "Benedetti, Maurizio"]
[Black "Venturini, Valter"]
[Result "1-0"]
[WhiteElo "1644"]
[BlackElo "1387"]
[PlyCount "106"]
[EventDate "2018.??.??"]

1. e4 b6 2. d4 Bb7 3. Bd3 Nf6 4. Nc3 e6 5. Nf3 Bb4 6. Qe2 Be7 7. Bf4 d6 8.
O-O-O a6 9. Rhe1 Nbd7 10. h3 b5 11. e5 Nh5 12. Bh2 d5 13. g4 b4 14. Na4 Bc6 15.
b3 Bxa4 16. bxa4 Bg5+ 17. Nxg5 Qxg5+ 18. Qd2 Qxd2+ 19. Kxd2 c5 20. dxc5 Nxc5
21. gxh5 Nxa4 22. Rb1 a5 23. Bb5+ Ke7 24. Bxa4 Rhc8 25. Rg1 Kf8 26. Rb3 g6 27.
hxg6 hxg6 28. Rf3 d4 29. Rxg6 Rc3 30. Rgf6 Rxf3 31. Rxf3 Rc8 32. Bd7 Rc3 33.
Rxc3 dxc3+ 34. Kd3 Ke7 35. Ba4 Kf8 36. Kc4 Kg7 37. Kb5 Kg6 38. Kxa5 Kg5 39. f4+
Kh4 40. Be8 Kxh3 41. Bxf7 Kxh2 42. Bxe6 Kg3 43. Bb3 Kxf4 44. e6 Ke5 45. e7 Kd4
46. e8=Q Kc5 47. Qe4 Kd6 48. Qf5 Kc7 49. Qe6 Kd8 50. Qf7 Kc8 51. Qe7 Kb8 52.
Qd7 Ka8 53. Kb6 Kb8 1-0